000 00274nam a2200109Ia 4500
008 200302s9999 xx 000 0 und d
100 _aA.R.Day
245 _aHeating Systems Plant And Control(Usd 137)
260 _bBlack Well Publishing Ltd.
260 _c2003
300 _a323
999 _c4698
_d4698